000 00843nam a2200277Ia 4500
003 OSt
005 20220926032247.0
006 a|||||r|||| 00| 0
007 ta
008 220923b |||||||| |||| 00| 0 eng d
020 _a0700711430
037 _cGeneral Book
040 _aRTL
_cRTL
_beng
041 _2eng
_aeng
082 _aY15-73(Q2):47.2.N9, N9
100 _aRobinson Catherine A
_919669
245 0 _aTradition and liberation
_b The Hindu tradition in the Indian women's movement
260 _aSurrey
_bCurzon Press
_c1999
300 _ax, 230p
_ccm.
490 _aCurzon Studies in Asian Religion
500 _aBibliography: P 215-24
650 _a Hindu Women
650 _aHindu Women
942 _hY15-73(Q2):47.2.N9, N9
_cGB
_2CC
999 _c654262
_d654262